000 00744cam a22001935a 4500
001 L137662
008 070424s2007 xxk f 000 0 eng d
035 _a(Sirsi) u137662
041 0 _aeng
110 2 _aLeasehold Advisory Service
_93510
245 0 0 _aRelativity graphs based on LVT decisions
_h[electronic resource]
260 _c2007
520 _aProvides graphs ploting the various 1993 Act decisions on the Leasehold Advisory Service website by the number of years remaining on the lease and the relativity.
590 _aKA
651 4 _aEngland and Wales
_y1543-
690 _aPROPERTY-LANDLORD AND TENANT-LEASES
856 4 0 _uhttps://www.lease-advice.org/
_zView the item free of charge at www.lease-advice.org...
942 _n0
999 _c106867
_d106867